000 00641nam a2200193 a 4500
001 ASIN0070628068
005 20140912191752.0
008 140912s1983 xxu eng d
020 _a0070628068 (hardcover)
_c$91.00
020 _a9780070628069 (hardcover)
245 1 0 _aHeat exchangers :
_btheory and practice /
_cJ. Taborek, G.F. Hewitt, N. Afgan.
250 _a1st ed.
260 _a[S.l.] :
_bHemsiphere Pub / McGraw-Hill,
_c1983.
300 _a978 p. ;
_c24 cm.
700 1 _aTaborek, J.
700 1 _aHewitt, G.F.
700 1 _aAfgan, N.
856 4 0 _3Amazon.com
_uhttp://www.amazon.com/exec/obidos/ASIN/0070628068/chopaconline-20
999 _c9908
_d9908